Statistics (Record no. 186938)
[ view plain ]
| 000 -LEADER | |
|---|---|
| fixed length control field | 00229nam a2200097Ia 4500 |
| 050 ## - LIBRARY OF CONGRESS CALL NUMBER | |
| Classification number | QA276.12 .M323 2006 C.6 |
| 100 ## - MAIN ENTRY--PERSONAL NAME | |
| Personal name | James T. McClave |
| 245 #0 - TITLE STATEMENT | |
| Title | Statistics |
| 942 ## - ADDED ENTRY ELEMENTS (KOHA) | |
| Koha item type | Long Loan Book |
| Withdrawn status | Lost status | Source of classification or shelving scheme | Damaged status | Not for loan | Collection | Home library | Current library | Shelving location | Date acquired | Inventory number | Total checkouts | Full call number | Date last seen | Copy number | Price effective from | Koha item type | Barcode | Date last checked out |
|---|---|---|---|---|---|---|---|---|---|---|---|---|---|---|---|---|---|---|
| Library of Congress Classification | Science & Technology | Kisii University Library | Kisii University Library | On Display | 09/17/2024 | 39712 | QA 276 .12 .M 363 2006 | 09/17/2024 | C.6 | 09/17/2024 | Long Loan Book | |||||||
| Library of Congress Classification | Science & Technology | Kisii University Library | Kisii University Library | On Display | 09/17/2024 | 37445 | 1 | QA 276.12 .M363 2006 | 04/15/2025 | C.1 | 09/17/2024 | Long Loan Book | 013145 | 04/01/2025 | ||||
| Library of Congress Classification | Kisii University Library | Kisii University Library | On Display | 10/03/2024 | 37446 | QA 276,12 M363 2006 | 10/03/2024 | C.2 | 10/03/2024 | Long Loan Book | 013144 | |||||||
| Library of Congress Classification | Science & Technology | Kisii University Library | Kisii University Library | On Display | 05/19/2025 | 37448 | QA 276.12 .M363 2006 | 05/19/2025 | C.4 | 05/19/2025 | Long Loan Book | 013143 | ||||||
| Library of Congress Classification | Science & Technology | Kisii University Library | Kisii University Library | On Display | 05/19/2025 | 39712 | QA 276.12 .M363 2006 | 05/19/2025 | C.6 | 05/19/2025 | Long Loan Book | 000000000272 |